|
|
|
|
| LEADER |
00969nam a2200217Ia 4500 |
| 001 |
CTU_127966 |
| 008 |
210402s9999 xx 000 0 und d |
| 020 |
|
|
|c 30000
|
| 082 |
|
|
|a 633
|
| 082 |
|
|
|b B450
|
| 110 |
|
|
|a Bộ nông nghiệp và phát triển nông thôn. Cục lâm nghiệp
|
| 245 |
|
0 |
|a Kỹ thuật trồng một số cây nông nghiệp cây ăn quả và chăn nuôi ở miền núi :
|
| 245 |
|
0 |
|b (Tài liệu tập huấn kỹ thuật cho cán bộ khuyến lâm xã miền núi)
|
| 245 |
|
0 |
|c Bộ nông nghiệp và phát triển nông thôn. Cục lâm nghiệp
|
| 260 |
|
|
|a Hà Nội
|
| 260 |
|
|
|b Nông Nghiệp
|
| 260 |
|
|
|c 2007
|
| 650 |
|
|
|a Fruit trees,Agriculture,Cây ăn quả,Nông nghiệp
|
| 650 |
|
|
|x Planting,Research,Kỹ thuật trồng,Nghiên cứu
|
| 904 |
|
|
|i Tuyến
|
| 980 |
|
|
|a Trung tâm Học liệu Trường Đại học Cần Thơ
|